01813cam a2200421Ii 45000010014000000080041000140200034000550200034000890200034001230200033001570200030001900200031002200240032002510400012002830410008002950820018003032450123003212640040004443000039004844900049005235040069005725050324006416500040009656500031010056500026010366500033010626500024010956500036011197000030011557000028011858300049012138520007012628560075012699040012013449050013013569420007013699990015013769780203126608180706s2012 enk ob 001 0 eng d a9780203126608q(e-book : PDF) a9781136457142q(e-book: Mobi) a9781136457180q(e-book: ePub) a9781136457197q(e-book: PDF) z9780415688628q(hardback) z9780415724241q(paperback)7 a10.4324/9780203126608 2doi aKObeng0 aeng04a363.287bM34200aMaritime private security :bmarket responses to piracy, terrorism and waterborne security risks in the 21st century / 1aAbingdon, Oxon :bRoutledge,c2012. a1 online resource (xix, 249 pages)1 aCASS series : naval policy and history ;v48 aIncludes bibliographical references (pages [224]-240) and index.0 apt. 1. The historical and contemporary market in maritime private security services -- pt. 2. The emergence of private anti-piracy escorts in the commercial sector -- pt. 3. The privatization of Coast Guard services -- pt. 4. Private security responses to maritime terrorism -- pt. 5. Conclusions and future directions. 0aMerchant marinexSecurity measures. 0aPrivate security services. 0aArmed merchant ships. 0aShippingxSecurity measures. 0aPiracyxPrevention. 0aMaritime terrorismxPrevention.1 aBerube, Claude G.,d1966-1 aCullen, Patrick,d1974- 0aCass series--naval policy and history ;v48. aKO40uhttps://www.taylorfrancis.com/books/9781136457197zClick here to view. aRUDRA_R aR_RANJAN cEB c3115d3115